| 000 | 01257nam0a2200337 4500 | ||
|---|---|---|---|
| 001 | RU\NLR\BIBL_A\022509722 | ||
| 005 | 20250805091412.0 | ||
| 010 |
_a978-5-88503-891-1 _91200 |
||
| 021 |
_aRU _bКН-П-25-006267 _9КН-П-25-0617 |
||
| 035 | _a(NLR Aleph) 022509722 | ||
| 090 |
_a13460992 _c13460992 |
||
| 100 | _a20250402d2025 u y0rusy50 ca | ||
| 101 | 0 | _arus | |
| 102 | _aRU | ||
| 105 | _aa z 000yy | ||
| 181 | 0 |
_ai3 _baxxe |
|
| 182 | 0 | _an | |
| 200 | 1 |
_aКремний _eмифы и реальность _fИ. П. Неумывакин |
|
| 203 |
_aТекст _bвизуальный _cнепосредственный |
||
| 210 |
_aМосква _aСанкт-Петербург _cДиля _d2025 |
||
| 215 |
_a154, [5] с. _cтабл. _d20 |
||
| 320 | _aБиблиогр.: с. 151-153 (42 назв.) | ||
| 320 | _aДр. кн. авт. в конце кн. | ||
| 333 | _a16+ | ||
| 606 | 1 |
_aКремний _xЛечебное применение _2nlr_sh1 _2nlr_sh2 _3RU\NLR\AUTH\661349383 |
|
| 686 | 1 | _aР358.9 | |
| 700 | 1 |
_aНеумывакин _bИ. П. _f1928-2018 _gИван Павлович _3RU\NLR\AUTH\77100497 |
|
| 942 | _cBOOK | ||
| 980 | _aNB | ||